| 000 | 00635nam a2200217 a 4500 | ||
|---|---|---|---|
| 999 |
_c7017 _d7017 |
||
| 001 | 595 | ||
| 003 | BD-DhUAP | ||
| 005 | 20210112143837.0 | ||
| 008 | 210112s1988 enka 001 0 eng d | ||
| 020 | _a0875241859 | ||
| 040 |
_aDLC _cDLC _dDLC _dBD-DhUAP _beng |
||
| 082 | 0 | 0 |
_a005.26 TUR _223 |
| 245 | 1 | 0 |
_aTurbo prolog : _buser's guide : version 2.0. |
| 260 |
_aScotts Valley : _bBorland International, _cc1988. |
||
| 300 |
_axvii, 477 pages : _billustrations ; _c24 cm. |
||
| 500 | _aIncludes index. | ||
| 630 | 0 | _aTurbo prolog. | |
| 650 | 0 | _aProlog (Computer program language). | |
| 710 | _aBorland International. | ||
| 942 | 0 | 0 |
_2ddc _cBK |